World authors, 1975-1980 (Record no. 37124)
[ view plain ]
| 000 -LEADER | |
|---|---|
| fixed length control field | 00488nam a2200169Ia 4500 |
| 020 ## - INTERNATIONAL STANDARD BOOK NUMBER | |
| ISBN | 0824207157 |
| 050 ## - CALL MARK | |
| Classification number | PN 451 .W672/ |
| 245 #0 - TITLE STATEMENT | |
| Title | World authors, 1975-1980 |
| 260 ## - PUBLICATION, DISTRIBUTION, ETC. (IMPRINT) | |
| Place of publication | New York |
| 260 ## - PUBLICATION, DISTRIBUTION, ETC. (IMPRINT) | |
| Name of publisher | The W.H. Wilson Company |
| 260 ## - PUBLICATION, DISTRIBUTION, ETC. (IMPRINT) | |
| Year of publication | 1985 |
| 300 ## - PHYSICAL DESCRIPTION | |
| Number of Pages | 829 p |
| 650 ## - SUBJECT ADDED ENTRY--TOPICAL TERM | |
| Topical Term | Literature, Modern--20th century--Bio-bibliography. Literature, Modern--20th century--History and criticism. |
| 942 ## - ADDED ENTRY ELEMENTS (KOHA) | |
| Koha item type | Books |
| Withdrawn status | Lost status | Source of classification or shelving scheme | Damaged status | Not for loan | Permanent Location | Current Location | Date acquired | Accession Number | Price effective from | Koha item type |
|---|---|---|---|---|---|---|---|---|---|---|
| Library of Congress Classification | NILE UNIVERSITY OF NIGERIA - MAIN LIBRARY | NILE UNIVERSITY OF NIGERIA - MAIN LIBRARY | 04/23/2025 | 0000808 | 04/23/2025 | Books |